000 00223nam a2200097 4500
082 _a297.261IDA
100 _aIdar-e-Ilm-ul-Quran
245 _aKitab-ul-Taharah
260 _aIslamabad:
_bShah Fasial Masjid,
_c1981.
942 _cBK
999 _c8572
_d8572